000 00684nam a2200265Ia 4500
008 160803s9999 xx 000 0 und d
020 _a043909836X
100 _aPolacco, Patricia
245 _aThank you, Mr. Falker /
245 _cPatricia Polacco.
260 _aNew York :
260 _bScholastic Inc.
260 _c1998
300 _a1 volume (unpaged) :
300 _bcolor illustration ;
300 _c28 cm
500 _aOriginally published: New York : Philomel Books, c1998.
650 _aReading --
650 _aSelf-perception --
650 _aTeachers --
650 _xFiction.
650 _xFiction.
650 _xFiction.
700 _a650
999 _c298967
_d298967